000 00422 a2200169 4500
003 OSt
005 20180116182619.0
008 160426b xxu||||| |||| 00| 0 eng d
020 _a0852974442
040 _c0
100 _aBrian Coyle
245 _aFRAs adn internest-rate futures
260 _aCanterbury
_bFinancial World Publishing
_c2001
300 _a146 P
440 _a146 P
942 _aNBS
_cBK
_k658.15 COY
_2ddc
999 _c342749
_d342749